[Event "ESP-ch U14"]
[Site "Salobrena"]
[Date "2023.07.19"]
[Round "5"]
[White "Rojas Fernandez, Antonio"]
[Black "Feal Albala, Alonso"]
[Result "0-1"]
[WhiteElo "1763"]
[BlackElo "2017"]
[PlyCount "148"]
[EventDate "2023.07.17"]
[EventType "swiss"]
[EventRounds "9"]
[EventCountry "ESP"]
[SourceTitle "EXT 2024"]
[Source "ChessBase"]
[SourceDate "2023.10.10"]
[SourceVersion "1"]
[SourceVersionDate "2023.10.10"]
[SourceQuality "1"]

1. e4 c5 2. Nf3 Nc6 3. d4 cxd4 4. Nxd4 e6 5. Nb5 d6 6. c4 Nf6 7. N1c3 a6 8. Na3 Be7 9. Be2 b6 10. 0-0 0-0 11. Be3 Bb7 12. Qb3 Nd7 13. Rfd1 Qc7 14. Rac1 Nc5 15. Qc2 Bf6 16. f3 Qe7 17. Qd2 Rad8 18. Nc2 Bxc3 19. Qxc3 a5 20. Rd2 Qc7 21. Nd4 Nxd4 22. Bxd4 e5 23. Be3 h5 24. Rb1 Ne6 25. Qb3 Nc5 26. Qc3 Bc6 27. Bd3 Rfe8 28. Bc2 g6 29. Bg5 Rd7 30. Qe3 Re6 31. Qf2 f6 32. Be3 g5 33. Bxc5 dxc5 34. Rxd7 Qxd7 35. Rd1 Rd6 36. Rxd6 Qxd6 37. Qe3 Kf7 38. Qd3 Qd4+ 39. Qxd4 cxd4 40. Kf2 Ke6 41. a3 a4 42. b4 axb3 43. Bxb3 Kd6 44. Ke2 Kc5 45. Kd3 Be8 46. g3 Bf7 47. Bd1 Bxc4+ 48. Kd2 h4 49. Ba4 b5 50. Bc2 hxg3 51. hxg3 Bf1 52. Bb3 Bc4 53. Bc2 Kd6 54. Bb1 Be6 55. Bc2 Kc5 56. Bd3 g4 57. fxg4 Bxg4 58. Bb1 Be6 59. Bd3 Bc4 60. Bc2 Kd6 61. Bd1 f5 62. exf5 e4 63. Be2 e3+ 64. Ke1 d3 65. Bxd3 Bxd3 66. g4 Ke5 67. Kd1 Bxf5 68. gxf5 Kxf5 69. Ke1 Ke4 70. Ke2 Kd4 71. Ke1 Kd3 72. Kd1 e2+ 73. Ke1 Ke3 74. a4 b4 0-1

[Event "Madrid-ch Previa B"]
[Site "Madrid"]
[Date "2023.02.11"]
[Round "5.13"]
[White "Rojas Fernandez, Antonio"]
[Black "Torres Rebolledo, Marcos"]
[Result "1-0"]
[WhiteElo "1764"]
[BlackElo "1575"]
[PlyCount "117"]
[EventDate "2023.02.02"]
[EventType "swiss"]
[EventRounds "9"]
[EventCountry "ESP"]
[SourceTitle "EXT 2024"]
[Source "ChessBase"]
[SourceDate "2023.10.10"]
[SourceVersion "1"]
[SourceVersionDate "2023.10.10"]
[SourceQuality "1"]

1. e4 c5 2. Nf3 d6 3. d4 cxd4 4. Nxd4 Nf6 5. Nc3 g6 6. Be3 Bg7 7. f3 0-0 8. Qd2 Nc6 9. Bc4 Bd7 10. 0-0-0 Rc8 11. Bb3 Nxd4 12. Bxd4 b5 13. Bxa7 Qa5 14. Bd4 b4 15. Nd5 Nxd5 16. Bxg7 Kxg7 17. Qxd5 Rc5 18. Qd4+ Kg8 19. Rd2 Be6 20. Qe3 Ra8 21. Kb1 Bxb3 22. Qxb3 Qa7 23. Rd5 Rc6 24. Kc1 Qxa2 25. Kd2 Qxb3 26. cxb3 Rac8 27. Ke2 Ra8 28. Rhd1 Rb8 29. Ra5 Kg7 30. Rd4 Rc2+ 31. Rd2 Rc6 32. Kd3 Kf6 33. Rc2 Rcb6 34. Rc7 R8b7 35. Rxb7 Rxb7 36. g3 Ke6 37. h4 h5 38. Ke3 Rc7 39. Kd2 Rb7 40. Kd3 Kd7 41. Ra8 e5 42. Ra5 Kc6 43. Kc4 Kb6 44. Rb5+ Kc6 45. Rxb7 Kxb7 46. Kxb4 Kc6 47. Kc4 f5 48. b4 f4 49. gxf4 exf4 50. b5+ Kc7 51. Kd5 g5 52. hxg5 h4 53. g6 h3 54. g7 h2 55. g8Q h1Q 56. Qf7+ Kb6 57. Qxf4 Kxb5 58. Kxd6 Qh8 59. Qe5+ 1-0

[Event "Collado Villalba Grupo Gallinero op 1st"]
[Site "Collado Villalba"]
[Date "2022.08.15"]
[Round "7"]
[White "Gonzalez Pinar, Adrian"]
[Black "Rojas Fernandez, Antonio"]
[Result "1-0"]
[WhiteElo "1965"]
[BlackElo "1672"]
[PlyCount "59"]
[EventDate "2022.08.12"]
[EventType "swiss"]
[EventRounds "9"]
[EventCountry "ESP"]
[SourceTitle "CBM 210 Extra"]
[Source "ChessBase"]
[SourceDate "2022.11.30"]
[SourceVersion "1"]
[SourceVersionDate "2022.11.30"]
[SourceQuality "1"]

1. d4 d5 2. c4 e6 3. Nc3 Nf6 4. cxd5 exd5 5. Bg5 Be7 6. e3 c6 7. Qc2 Nbd7 8. Bd3 0-0 9. Nge2 Re8 10. 0-0 Nf8 11. f3 g6 12. Rad1 Ne6 13. Bh4 Ng7 14. Bf2 h5 15. h3 Bd7 16. e4 Rc8 17. Qd2 Kh7 18. e5 Ng8 19. g4 c5 20. Nxd5 Bc6 21. Nxe7 Qxe7 22. f4 Bf3 23. d5 hxg4 24. hxg4 Bxg4 25. Ng3 Bxd1 26. Qxd1 Nh6 27. Ne4 Nh5 28. d6 Qd8 29. Qf3 Nf5 30. Ng5+ 1-0

[Event "ESP-ch U12"]
[Site "Salobrena"]
[Date "2021.07.10"]
[Round "9"]
[White "Rojas Fernandez, Antonio"]
[Black "Sierra Vallina, Lionel"]
[Result "0-1"]
[WhiteElo "1694"]
[BlackElo "1927"]
[PlyCount "100"]
[EventDate "2021.07.05"]
[EventType "swiss"]
[EventRounds "9"]
[EventCountry "ESP"]
[SourceTitle "EXT 2022"]
[Source "ChessBase"]
[SourceDate "2021.10.06"]
[SourceVersion "1"]
[SourceVersionDate "2021.10.06"]
[SourceQuality "1"]

1. e4 c5 2. b3 g6 3. Bb2 Nf6 4. e5 Nd5 5. Qf3 Nb4 6. Na3 Bg7 7. e6 0-0 8. Bxg7 Kxg7 9. exf7 Rxf7 10. Qe3 N8c6 11. c3 Nd5 12. Qg3 Nf6 13. Bd3 e5 14. 0-0-0 d5 15. f3 Nh5 16. Qf2 Qb6 17. Bc2 a5 18. Ne2 a4 19. b4 d4 20. Nc4 Qa6 21. Nd6 Nxb4 22. Nxf7 Nxc2 23. Kxc2 d3+ 24. Kb1 dxe2 25. Rde1 Kxf7 26. Qxe2 Qxe2 27. Rxe2 Bf5+ 28. Kc1 Nf4 29. Re3 Re8 30. g4 Nd3+ 31. Kd1 Nf2+ 32. Ke2 Nxh1 33. gxf5 gxf5 34. Kf1 Kf6 35. Kg2 Rd8 36. Re2 Rd3 37. Kxh1 Rxf3 38. Kg2 Rd3 39. Kf1 e4 40. Ke1 Ke5 41. Rg2 b5 42. Rg7 b4 43. cxb4 cxb4 44. Rxh7 Ra3 45. Rb7 Rxa2 46. Rxb4 Ra1+ 47. Kf2 a3 48. Ra4 a2 49. Ra6 e3+ 50. dxe3 Rh1 0-1

[Event "Madrid-ch U12"]
[Site "Madrid"]
[Date "2021.04.25"]
[Round "5"]
[White "Rojas Fernandez, Antonio"]
[Black "Corchon Granero, Mateo"]
[Result "1-0"]
[WhiteElo "1563"]
[BlackElo "1244"]
[PlyCount "119"]
[EventDate "2021.04.17"]
[EventType "swiss"]
[EventRounds "5"]
[EventCountry "ESP"]
[SourceTitle "EXT 2023"]
[Source "ChessBase"]
[SourceDate "2022.10.05"]
[SourceVersion "1"]
[SourceVersionDate "2022.10.05"]
[SourceQuality "1"]

1. e4 e5 2. Nf3 Nc6 3. Bc4 Bc5 4. d3 Nf6 5. Nc3 d6 6. h3 Na5 7. Bb3 Nxb3 8. axb3 a6 9. Be3 Ba7 10. Qd2 Be6 11. d4 exd4 12. Nxd4 Qd7 13. 0-0-0 0-0-0 14. Rhe1 Kb8 15. f4 Qe7 16. Bg1 Rhe8 17. Qe2 Bxd4 18. Rxd4 Bc8 19. g4 h6 20. Bf2 b6 21. Bh4 Bb7 22. e5 dxe5 23. Rxd8+ Qxd8 24. fxe5 g5 25. Bg3 Nd7 26. Qc4 Re6 27. Qd4 Qe8 28. Qf2 Kc8 29. Kb1 a5 30. Nb5 Nf8 31. Nd4 Re7 32. Nf5 Rd7 33. Nxh6 Qe6 34. Nf5 Ng6 35. Qe3 Bg2 36. Qe2 Bb7 37. Bh2 Nh4 38. Nxh4 gxh4 39. Qf2 Qh6 40. Bf4 Qh7 41. Qe3 Ba8 42. Bg5 Bg2 43. Re2 Rd1+ 44. Ka2 Bb7 45. Qf2 a4 46. bxa4 Bd5+ 47. b3 Qg8 48. Bxh4 Qe8 49. Qf4 Qc6 50. Qb4 Be6 51. Kb2 Qd5 52. Qc3 Rd4 53. Bf2 b5 54. Qxd4 Qf3 55. Rd2 bxa4 56. bxa4 Qb7+ 57. Kc1 Qh1+ 58. Bg1 Qxh3 59. Qd3 Qxg4 60. Qa6+ 1-0

[Event "Madrid-ch U12"]
[Site "Madrid"]
[Date "2021.04.18"]
[Round "3"]
[White "Rojas Fernandez, Antonio"]
[Black "Rey Martinez, Jaime"]
[Result "0-1"]
[WhiteElo "1563"]
[BlackElo "1932"]
[PlyCount "136"]
[EventDate "2021.04.17"]
[EventType "swiss"]
[EventRounds "5"]
[EventCountry "ESP"]
[SourceTitle "EXT 2023"]
[Source "ChessBase"]
[SourceDate "2022.10.05"]
[SourceVersion "1"]
[SourceVersionDate "2022.10.05"]
[SourceQuality "1"]

1. e4 c5 2. b3 Nf6 3. e5 Nd5 4. Bb2 e6 5. Bc4 Nb6 6. Be2 Qg5 7. Nf3 Qxg2 8. Rg1 Qh3 9. Nc3 Nc6 10. Nb5 Rb8 11. Nc7+ Kd8 12. Nb5 h6 13. Nd6 Bxd6 14. exd6 Rg8 15. Bxg7 Ke8 16. Rg3 Qf5 17. Bb2 Rxg3 18. hxg3 Qd5 19. d3 Qxd6 20. Qd2 e5 21. 0-0-0 Kf8 22. Rh1 Qf6 23. Rxh6 Qg7 24. Rh4 d6 25. Ng5 Bf5 26. Bg4 Bg6 27. f4 Ne7 28. Qh2 Rd8 29. Kb1 Nbd5 30. Be6 Nf6 31. fxe5 dxe5 32. Bxe5 Rxd3 33. cxd3 Bxd3+ 34. Kb2 Qxg5 35. Rh8+ Nfg8 36. Bc3 fxe6 37. Qf2+ Ke8 38. Qf3 Ba6 39. Bf6 Qg6 40. Qf4 Kd7 41. Bc3 Nc6 42. Qf8 Nge7 43. Qf2 b6 44. Rh1 Nd5 45. Rd1 Kc7 46. Qf3 Qh7 47. Rd2 Bb7 48. Qg4 Nxc3 49. Kxc3 Qh8+ 50. Kc2 Nd4+ 51. Kc1 Bd5 52. Qf4+ e5 53. Qg5 Kd6 54. Qg6+ Be6 55. Qg5 Qh1+ 56. Kb2 Qh8 57. Kc1 e4 58. Qf4+ Kd5 59. g4 Qh3 60. Kb1 Qc3 61. Qg5+ Kc6 62. Rh2 e3 63. Qe5 e2 64. Rxe2 Qd3+ 65. Ka1 Qxe2 66. Qh5 Qd1+ 67. Kb2 Qc2+ 68. Ka3 Nb5+ 0-1

[Event "Madrid-ch U12"]
[Site "Madrid"]
[Date "2021.04.17"]
[Round "1"]
[White "Kohn Garcia, Alejandro"]
[Black "Rojas Fernandez, Antonio"]
[Result "0-1"]
[WhiteElo "1174"]
[BlackElo "1563"]
[PlyCount "108"]
[EventDate "2021.04.17"]
[EventType "swiss"]
[EventRounds "5"]
[EventCountry "ESP"]
[SourceTitle "EXT 2023"]
[Source "ChessBase"]
[SourceDate "2022.10.05"]
[SourceVersion "1"]
[SourceVersionDate "2022.10.05"]
[SourceQuality "1"]

1. e4 e5 2. Nf3 Nc6 3. Bc4 Bc5 4. Nc3 Nf6 5. d3 h6 6. h3 d6 7. Na4 Bb6 8. Nxb6 axb6 9. a3 Be6 10. Bxe6 fxe6 11. Qe2 Qe7 12. 0-0 0-0 13. Bd2 Qf7 14. Rfe1 Nh5 15. c3 Nf4 16. Bxf4 Qxf4 17. Qe3 Qf6 18. d4 exd4 19. Nxd4 e5 20. Nxc6 bxc6 21. f3 Rfe8 22. Qd3 Qf7 23. Rad1 Rad8 24. Qc2 Qc4 25. Kh1 Ra8 26. b3 Qc5 27. a4 Ra7 28. c4 b5 29. axb5 cxb5 30. Rc1 b4 31. Qd2 Ra3 32. Rb1 c6 33. Rb2 Qd4 34. Rd1 c5 35. Kh2 Rea8 36. Rdb1 Kh8 37. Kg3 Kg8 38. Kh2 Kf8 39. Kg3 Ke7 40. Qxd4 exd4 41. Kf4 Kf6 42. g4 g5+ 43. Kg3 Ke5 44. Rd1 Ra2 45. Rdd2 Rxb2 46. Rxb2 Ra3 47. Rb1 d3 48. Kf2 Kd4 49. h4 Ra2+ 50. Ke1 Ke3 51. hxg5 hxg5 52. Rd1 d2+ 53. Kf1 Kxf3 54. Rb1 Rc2 0-1

[Event "Madrid-ch Previa-B"]
[Site "Madrid"]
[Date "2021.02.13"]
[Round "5"]
[White "Rojas Fernandez, Antonio"]
[Black "Horcajuelo Rocamora, Martin"]
[Result "0-1"]
[WhiteElo "1516"]
[BlackElo "1763"]
[PlyCount "60"]
[EventDate "2021.02.04"]
[EventType "swiss"]
[EventRounds "9"]
[EventCountry "ESP"]
[SourceTitle "EXT 2022"]
[Source "ChessBase"]
[SourceDate "2021.10.06"]
[SourceVersion "1"]
[SourceVersionDate "2021.10.06"]
[SourceQuality "1"]

1. e4 e5 2. Nf3 Nc6 3. Bc4 Nf6 4. d3 d5 5. exd5 Nxd5 6. Nc3 Nxc3 7. bxc3 Be7 8. h3 Bf6 9. Bb2 Na5 10. Bb3 Nxb3 11. axb3 h6 12. 0-0 0-0 13. Re1 Re8 14. c4 Qd6 15. d4 e4 16. Ne5 c5 17. f4 exf3 18. Nxf3 Bf5 19. c3 Qg3 20. Rxe8+ Rxe8 21. Kh1 g5 22. Qf1 Kg7 23. Ne5 Rxe5 24. dxe5 Bxe5 25. Kg1 Qe3+ 26. Kh1 Be4 27. Ra2 Qxh3+ 28. Kg1 Bh2+ 29. Kf2 Qg3+ 30. Ke2 Bd3+ 0-1

[Event "Madrid-ch Previa-B"]
[Site "Madrid"]
[Date "2020.02.06"]
[Round "1"]
[White "Rojas Fernandez, Antonio"]
[Black "Narvaez Parra, Vicente"]
[Result "1/2-1/2"]
[WhiteElo "1409"]
[BlackElo "1808"]
[PlyCount "115"]
[EventDate "2020.02.06"]
[EventType "swiss"]
[EventRounds "9"]
[EventCountry "ESP"]
[SourceTitle "CBM 195 Extra"]
[Source "ChessBase"]
[SourceDate "2020.05.31"]
[SourceVersion "1"]
[SourceVersionDate "2020.05.31"]
[SourceQuality "1"]

1. e4 c6 2. d4 d5 3. exd5 cxd5 4. Bd3 Nc6 5. c3 Qc7 6. Be3 Nf6 7. Nd2 e5 8. dxe5 Nxe5 9. Bc2 Bd6 10. Ngf3 Bg4 11. h3 Bh5 12. 0-0 0-0 13. Re1 b5 14. Bd4 Rfe8 15. g4 Bg6 16. Bxg6 hxg6 17. Nxe5 Bxe5 18. Bxe5 Rxe5 19. Rxe5 Qxe5 20. Qe1 Qd6 21. Qf1 Qb6 22. Qd3 Rd8 23. Qe3 d4 24. cxd4 Qxd4 25. Qxd4 Rxd4 26. Nb3 Rd3 27. Kg2 Nd5 28. f3 g5 29. Rc1 Ne3+ 30. Kf2 Nc4 31. Ke2 Re3+ 32. Kf2 Rd3 33. Ke2 Rd5 34. Rc2 f6 35. Nd2 Re5+ 36. Kf2 Nxd2 37. Rxd2 a5 38. a3 a4 39. Re2 Rc5 40. Rd2 Kf8 41. Re2 Kf7 42. Rd2 Ke6 43. Ke3 Ke5 44. Re2 Rd5 45. Kf2+ Kd4 46. Rd2+ Kc4 47. Rxd5 Kxd5 48. Ke2 Kc4 49. Kd2 Kb3 50. Kc1 g6 51. Kb1 Kc4 52. Kc2 Kd4 53. Kd2 Kc4 54. Kc2 Kd4 55. Kd2 Kc4 56. Kc2 b4 57. axb4 Kxb4 58. Kd2 1/2-1/2